<?xml version="1.0" encoding="UTF-8"?>
<record
    xmlns:xsi="http://www.w3.org/2001/XMLSchema-instance"
    xsi:schemaLocation="http://www.loc.gov/MARC21/slim http://www.loc.gov/standards/marcxml/schema/MARC21slim.xsd"
    xmlns="http://www.loc.gov/MARC21/slim">

  <leader>01884cam a2200565   4500</leader>
  <datafield tag="999" ind1=" " ind2=" ">
    <subfield code="c">23917</subfield>
    <subfield code="d">23917</subfield>
  </datafield>
  <controlfield tag="001">vtls012062157</controlfield>
  <controlfield tag="005">20250922091253.0</controlfield>
  <controlfield tag="008">210716s2021    xo c   gr     000 0dslo  </controlfield>
  <datafield tag="020" ind1=" " ind2=" ">
    <subfield code="a">9788082113108</subfield>
    <subfield code="q">(bro&#x17E;ovan&#xE9;)</subfield>
  </datafield>
  <datafield tag="040" ind1=" " ind2=" ">
    <subfield code="a">SVKBB</subfield>
    <subfield code="b">slo</subfield>
    <subfield code="c">SVKBB</subfield>
    <subfield code="d">SNK</subfield>
    <subfield code="e">rda</subfield>
  </datafield>
  <datafield tag="041" ind1="1" ind2=" ">
    <subfield code="a">slo</subfield>
    <subfield code="h">eng</subfield>
  </datafield>
  <datafield tag="044" ind1=" " ind2=" ">
    <subfield code="a">xo</subfield>
    <subfield code="c">SK</subfield>
  </datafield>
  <datafield tag="072" ind1=" " ind2="7">
    <subfield code="a">2</subfield>
    <subfield code="x">N&#xE1;bo&#x17E;enstvo</subfield>
    <subfield code="2">konspekt</subfield>
  </datafield>
  <datafield tag="080" ind1=" " ind2=" ">
    <subfield code="a">2-534.6</subfield>
    <subfield code="2">2011</subfield>
  </datafield>
  <datafield tag="080" ind1=" " ind2=" ">
    <subfield code="a">133.529</subfield>
    <subfield code="2">2011</subfield>
  </datafield>
  <datafield tag="080" ind1=" " ind2=" ">
    <subfield code="a">113</subfield>
    <subfield code="2">2011</subfield>
  </datafield>
  <datafield tag="080" ind1=" " ind2=" ">
    <subfield code="a">2-175</subfield>
    <subfield code="2">2011</subfield>
  </datafield>
  <datafield tag="080" ind1=" " ind2=" ">
    <subfield code="a">27-175</subfield>
    <subfield code="2">2011</subfield>
  </datafield>
  <datafield tag="080" ind1=" " ind2=" ">
    <subfield code="a">272-184.3</subfield>
    <subfield code="2">2011</subfield>
  </datafield>
  <datafield tag="080" ind1=" " ind2=" ">
    <subfield code="a">(0:82-32)</subfield>
    <subfield code="2">2011</subfield>
  </datafield>
  <datafield tag="080" ind1=" " ind2=" ">
    <subfield code="a">(0:82-4)</subfield>
    <subfield code="2">2011</subfield>
  </datafield>
  <datafield tag="100" ind1="1" ind2=" ">
    <subfield code="a">Watkins, Christine,</subfield>
    <subfield code="d">1966-</subfield>
    <subfield code="4">aut</subfield>
    <subfield code="9">4771</subfield>
  </datafield>
  <datafield tag="240" ind1="1" ind2="4">
    <subfield code="a">The warning: testimonies and prophecies of the illumination of conscience</subfield>
    <subfield code="l">Slovensky</subfield>
  </datafield>
  <datafield tag="245" ind1="1" ind2="0">
    <subfield code="a">Varovanie</subfield>
    <subfield code="b">svedectv&#xE1; a proroctv&#xE1; o osvieten&#xED; svedomia</subfield>
    <subfield code="c">Christine Watkins ; preklad Pavol Petr&#xED;k</subfield>
  </datafield>
  <datafield tag="246" ind1="3" ind2="0">
    <subfield code="a">Svedectv&#xE1; a proroctv&#xE1; o osvieten&#xED; svedomia</subfield>
  </datafield>
  <datafield tag="250" ind1=" " ind2=" ">
    <subfield code="a">Vydanie 1.</subfield>
  </datafield>
  <datafield tag="264" ind1=" " ind2="1">
    <subfield code="a">[Var&#xED;n]</subfield>
    <subfield code="b">Zachej.sk</subfield>
    <subfield code="c">2021</subfield>
  </datafield>
  <datafield tag="300" ind1=" " ind2=" ">
    <subfield code="a">312 str&#xE1;n</subfield>
    <subfield code="b">portr&#xE9;ty</subfield>
    <subfield code="c">21 cm</subfield>
  </datafield>
  <datafield tag="336" ind1=" " ind2=" ">
    <subfield code="a">text</subfield>
    <subfield code="b">txt</subfield>
    <subfield code="2">rdacontent</subfield>
  </datafield>
  <datafield tag="337" ind1=" " ind2=" ">
    <subfield code="a">bez m&#xE9;dia</subfield>
    <subfield code="b">n</subfield>
    <subfield code="2">rdamedia</subfield>
  </datafield>
  <datafield tag="338" ind1=" " ind2=" ">
    <subfield code="a">zv&#xE4;zok</subfield>
    <subfield code="b">nc</subfield>
    <subfield code="2">rdacarrier</subfield>
  </datafield>
  <datafield tag="500" ind1=" " ind2=" ">
    <subfield code="a">Prelo&#x17E;en&#xE9; z angli&#x10D;tiny</subfield>
  </datafield>
  <datafield tag="500" ind1=" " ind2=" ">
    <subfield code="a">Obsahuje biografick&#xE9; &#xFA;daje o autorke</subfield>
  </datafield>
  <datafield tag="500" ind1=" " ind2=" ">
    <subfield code="a">Miesto vydania pod&#x13E;a NA ISBN</subfield>
  </datafield>
  <datafield tag="650" ind1="0" ind2="7">
    <subfield code="a">proroctv&#xE1;</subfield>
    <subfield code="2">SNKPH</subfield>
    <subfield code="9">4772</subfield>
  </datafield>
  <datafield tag="650" ind1="0" ind2="7">
    <subfield code="a">koniec sveta</subfield>
    <subfield code="2">SNKPH</subfield>
    <subfield code="9">4773</subfield>
  </datafield>
  <datafield tag="650" ind1="0" ind2="7">
    <subfield code="a">katol&#xED;cka viera</subfield>
    <subfield code="2">SNKPH</subfield>
    <subfield code="9">4774</subfield>
  </datafield>
  <datafield tag="650" ind1="0" ind2="7">
    <subfield code="a">eschatol&#xF3;gia</subfield>
    <subfield code="2">SNKPH</subfield>
    <subfield code="9">4775</subfield>
  </datafield>
  <datafield tag="650" ind1="0" ind2="7">
    <subfield code="a">Prophecies</subfield>
    <subfield code="2">SNKPHeng</subfield>
    <subfield code="9">4776</subfield>
  </datafield>
  <datafield tag="650" ind1="0" ind2="7">
    <subfield code="a">End of the world</subfield>
    <subfield code="2">SNKPHeng</subfield>
    <subfield code="9">4777</subfield>
  </datafield>
  <datafield tag="650" ind1="0" ind2="7">
    <subfield code="a">Catholic faith</subfield>
    <subfield code="2">SNKPHeng</subfield>
    <subfield code="9">4778</subfield>
  </datafield>
  <datafield tag="650" ind1="0" ind2="7">
    <subfield code="a">Eschatology</subfield>
    <subfield code="2">SNKPHeng</subfield>
    <subfield code="9">4779</subfield>
  </datafield>
  <datafield tag="655" ind1=" " ind2="7">
    <subfield code="a">pr&#xED;behy</subfield>
    <subfield code="2">SNKPH</subfield>
    <subfield code="9">2455</subfield>
  </datafield>
  <datafield tag="655" ind1=" " ind2="7">
    <subfield code="a">&#xFA;vahy</subfield>
    <subfield code="2">SNKPH</subfield>
    <subfield code="9">1703</subfield>
  </datafield>
  <datafield tag="655" ind1=" " ind2="7">
    <subfield code="a">Stories</subfield>
    <subfield code="2">SNKPHeng</subfield>
    <subfield code="9">1706</subfield>
  </datafield>
  <datafield tag="655" ind1=" " ind2="7">
    <subfield code="a">Essays</subfield>
    <subfield code="2">SNKPHeng</subfield>
    <subfield code="9">1704</subfield>
  </datafield>
  <datafield tag="700" ind1="1" ind2=" ">
    <subfield code="a">Petr&#xED;k, Pavol,</subfield>
    <subfield code="d">1973-</subfield>
    <subfield code="4">trl</subfield>
    <subfield code="9">4780</subfield>
  </datafield>
  <datafield tag="958" ind1=" " ind2=" ">
    <subfield code="a">NT</subfield>
  </datafield>
  <datafield tag="958" ind1=" " ind2=" ">
    <subfield code="a">UP</subfield>
  </datafield>
  <datafield tag="952" ind1=" " ind2=" ">
    <subfield code="0">0</subfield>
    <subfield code="1">0</subfield>
    <subfield code="2">udc</subfield>
    <subfield code="4">0</subfield>
    <subfield code="7">0</subfield>
    <subfield code="8">D</subfield>
    <subfield code="a">10000</subfield>
    <subfield code="b">10000</subfield>
    <subfield code="d">2025-09-22</subfield>
    <subfield code="i">22273</subfield>
    <subfield code="l">1</subfield>
    <subfield code="o">S1571</subfield>
    <subfield code="p">S1571</subfield>
    <subfield code="r">2026-01-07</subfield>
    <subfield code="s">2025-11-18</subfield>
    <subfield code="w">2025-09-22</subfield>
    <subfield code="y">KLDE</subfield>
  </datafield>
</record>
